| 000 | 00784nam a2200229 i 4500 | ||
|---|---|---|---|
| 001 | 111477 | ||
| 003 | ES-MaACL | ||
| 005 | 20230906185316.0 | ||
| 007 | t| | ||
| 008 | 061121s1961 sp r ||||1| spa d | ||
| 100 | 1 |
_aNepveu-Nivelle, F. _985386 |
|
| 245 | 1 | 0 |
_aTécnicas modernas de venta de productos industriales / _cpor F. Nepveu-Nivelle; supervisión de Alberto Grau Dosaigues; traducción de Fco. López Loredo. |
| 260 |
_aBarcelona : _bEd. Hispano Europea, _c1961. |
||
| 300 |
_aX, 196 p. : _bil. ; _c21 cm. |
||
| 490 | 1 | _aGalileo | |
| 650 | 4 |
_aProductos industriales. _9168189 |
|
| 700 | 1 |
_aGrau Dosaiguës, Alberto. _959751 |
|
| 700 | 1 |
_aLópez Loredo, Francisco. _973737 |
|
| 830 | 0 |
_aGalileo _9182278 |
|
| 852 |
_aES-MaACL _jC-20668 _bR.49401 |
||
| 999 |
_c111477 _d111477 |
||